=LDR 00000nam 2200000 4500 =001 INLIS000000000015915 =005 20130612111206 =008 ***********************************Ind** =035 ##$$0010-061300000015915 =041 ##$$a Ind =082 ##$$a 372.8 =090 ##$$a 372.8, Ahm p =100 ##$$a Ahmadi, Abu =245 ##$$a Pendidikan Agama Islam (PAIS SD) 2 untuk kelas 2 sekolah dasar sesuai kurikulum pendidikan dasar 19945 GBPPSD, Drs. H. Abu Ahmadi ; Drs. Majsum =260 ##$$a 1994 $b Solo =300 ##$$a 48 hlm., eks, 28 cm =650 ##$$a Pendidikan dasar - Agama Islam =700 ##$$a Mahsum =850 ##$$a NBPNMAT